000 00272nam a2200121Ia 4500
008 190216s9999||||xx |||||||||||||| ||und||
100 _aAnna Sewell
245 0 _aBlack Beauty
260 _bE J Arnold & Son Ltd
_c1956
300 _a96p
650 _aSpeeches
942 _cBK
999 _c11936
_d11936